000 00797nam a22001817a 4500
003 UA-OsUOA
001 17038
007 ta
008 20040209b un ||||| |||| 00| 0 ukr d
100 _aКожан Т.
942 _cSA
040 _aUA-OsUOA
_cUA-OsUOA
_dUA-OsUOA
245 _a105 тисяч громадян у цьому році, за прогнозами, скористаються соціальними послугами служби зайнятості
_b[Дир. ОЦЗ І.Ф.Ткачук на прес-конф. розповів про те , чого вдалося досягти за 2003 р. обл. центром зайнятості]
300 _aС.1
955 _a0
773 0 _w0
_tВісник СЗ
_dРівне
_d2004
_g№1/Cіч./
650 7 _aЗайнятість
_2UDC
999 _c303206
_d303206